Stadtteile von Los Angeles - Statistiken

Allgemein
  • Dieses Quiz wurde 86 mal gespielt
  • Das Durchschnittsergebnis liegt bei 5 aus 49
Antwortstatistiken
Stadtteil % Korrekt
Hollywood
90%
Bel Air
33%
Venice
32%
South Los Angeles
13%
North Hollywood
11%
Beverly Crest
10%
Brentwood
10%
San Pedro
10%
West Los Angeles
10%
Silver Lake
8%
Southeast Los Angeles
8%
Studio City
8%
Wilshire
8%
Arleta
7%
Atwater Village
7%
Boyle Heights
7%
Canoga Park
7%
Central City
7%
Central City North
7%
Del Ray
7%
Echo Park
7%
Harbor City
7%
Northeast Los Angeles
7%
Port of Los Angeles
7%
Sherman Oaks
7%
Westlake
7%
Baldwin Hills
6%
Chatsworth
6%
Granada Hills
6%
Harbor Gateway
6%
La Tuna Canyon
6%
Mission Hills
6%
Northridge
6%
Pacoima
6%
Palms
6%
Porter Ranch
6%
Reseda
6%
Sunland
6%
Sylmar
6%
Valley Village
6%
Van Nuys
6%
West Adams
6%
Westchester
6%
West Van Nuys
6%
Wilmington
6%
Mar Vista
4%
Winnetka
4%
Pacific Palicades
1%
Westwoods
1%
Keine übereinstimmenden Quizze gefunden
Verteilung der Resultate
Anzahl Personen mit jedem Resultat
Perzentil nach korrekt beantworteten Fragen
Ihre Resultats-Entwicklung
Sie haben dieses Quiz noch nicht gespielt